000 02550cam a2200433 4500500
005 20251228052900.0
041 _afre
042 _adc
100 1 0 _aKingsnorth, Paul
_eauthor
700 1 0 _aLuzi, Jacques
_eauthor
700 1 0 _aLefèvre, Mathias
_eauthor
245 0 0 _aFinnegas
260 _c2020.
500 _a20
520 _aAristote condamnait la chrématistique (l’acquisition de l’argent) car, par principe sans limite, elle débordait inexorablement dans l’hubris. Le capitalisme (l’accumulation de l’argent) possède les mêmes caractéristiques, le progrès technologique étant le moyen de son illimitation. Il apparaît ainsi comme la dynamique par laquelle l’ensemble de la vie concrète est recouvert, et détruit, par des abstractions réalisées telles que le temps de l’horloge, l’espace industrialisé, le savoir scientifique mécanisé. Ce raisonnement vaut également pour l’abstraction « travail », dont l’accomplissement abouti à l’anéantissement aussi bien de la Terre que des activités vitales signifiantes, qui sont au cœur de l’existence humaine.
520 _aAristotle condemned chrematistic (the acquisition of money for money) because, as a principle without limit, it inexorably overflowed into hubris. Capitalism (the accumulation of money) has the same characteristics, technological progress being the means of its unlimited nature. It thus appears as the dynamic by which the whole of concrete life is covered, and destroyed, by realized abstractions such as clock time, industrialized space, mechanized scientific knowledge. This reasoning also applies to the abstraction “work,” the accomplishment of which leads to the annihilation of both the Earth and the vital meaningful activities that are at the heart of human existence.
690 _aaérios
690 _achthón
690 _aCiel
690 _acivilisation industrielle
690 _acontemplation
690 _acontrôle
690 _aJohn Moriarty
690 _amythe irlandais
690 _aTerre
690 _aVirus
690 _aaérios
690 _achthón
690 _acontemplation
690 _acontrol
690 _aEarth
690 _aindustrial civilization
690 _aIrish myth
690 _aJohn Moriarty
690 _aSky
690 _aVirus
786 0 _nÉcologie & Politique | 61 | 2 | 2020-12-11 | p. 155-162 | 1166-3030
856 4 1 _uhttps://shs.cairn.info/revue-ecologie-et-politique-2020-2-page-155?lang=fr&redirect-ssocas=7080
999 _c1584720
_d1584720